Bible Genealogy - Abraham to Jesus - Statistics

General Stats
  • This quiz has been taken 294 times
  • The average score is 8 of 41
Answer Stats
Answer % Correct
Abraham
99%
Isaac
85%
Jacob
82%
Jesus
57%
Judah
55%
Joseph
54%
David
36%
Solomon
33%
Perez
32%
Jesse
30%
Boaz
28%
Obed
26%
Rehoboam
20%
Hezron
16%
Salmon
14%
Abijah
13%
Nahshon
11%
Ram
11%
Amminadab
10%
Hezekiah
9%
Jacob
9%
Josiah
9%
Ahaz
7%
Jehoshaphat
7%
Jotham
7%
Manasseh
7%
Uzziah
6%
Joram
5%
Matthan
5%
Shealtiel
5%
Zerubbabel
5%
Azor
4%
Eleazar
4%
Eliakim
4%
Zadok
4%
Abiud
2%
Achim
2%
Amos
2%
Eliud
2%
Asaph
1%
Jechoniah
1%
No matching quizzes found
Score Distribution
Percent of People with Each Score
Percentile by Number Answered
Your Score History
You have not taken this quiz